| 000 | 02002nam a2200433 c 4500 | ||
|---|---|---|---|
| 999 |
_c191917 _d191917 |
||
| 003 | BLK | ||
| 005 | 20230118172647.0 | ||
| 008 | 180411b bul|||||r ||||||| ||bul|| | ||
| 010 | _aKNG00201081000 | ||
| 020 | _a978-86-906665-4-6 | ||
| 040 | _aBLK | ||
| 041 |
_aENG _cBUL |
||
| 072 | 7 |
_2bullib _aН63 _xСелско стопанство Н |
|
| 072 | 7 |
_2bullib _aК _xКраезнание |
|
| 080 |
_aДендрология. Систематична горска ботаника _b630.17 _x(282.243.7) _z630.17(282.243.7) |
||
| 080 |
_aПървичнопокривни растения, Archchlamydae - Семейства санталови, орехоцветни, конопови, лападови, копривови, карамфилови, букови, брястови, брезови, върбови, черничеви, ясенови, лютикови, _b582.62/.69 _x(282.243.7) _z582.62/.69(282.243.7) |
||
| 139 |
_aVariability of European Black Poplar (Populus nigra L.) in the Danube Basin _bV 29 |
||
| 245 | 1 | 0 |
_aVariability of European Black Poplar (Populus nigra L.) in the Danube Basin _ccompl. and ed. by Zoran Tomovic; compl. and ed. by Ivana Vasic. |
| 257 | _aSER | ||
| 260 |
_bVojvodina sume _c2014 _fBeograd : Avantguarde Design |
||
| 300 |
_a128 с. _bс ил. _c24 см |
||
| 380 | _a63 | ||
| 500 | _a1 500 тир. - Библиогр. с. 119-127. | ||
| 650 | 4 |
_aТопола, черна - Дунавски басейн _9345678 |
|
| 650 | 4 |
_aДендрология _9152998 |
|
| 651 | 4 |
_aДунав _9178849 |
|
| 653 | _aтопола | ||
| 653 | _aдървета | ||
| 653 | _aдендрология | ||
| 659 | _aК | ||
| 659 | _aН | ||
| 700 | 1 |
_aTomovic, Zoran _ecompl. and ed. by _926446 |
|
| 700 | 1 |
_aVasic, Ivana _ecompl. and ed. by _927088 |
|
| 852 | _aЦб 284440 | ||
| 852 | _aК 63/V 29 | ||
| 856 | 4 | _qpdf | |
| 856 | 4 | _qpdf | |
| 942 |
_cKNG _n0 _s1 _01 |
||
| 944 |
_aCR _c16.02.2017 _lф / _kВиолета_Тройчева |
||
| 944 |
_aED _c26.04.2017 _lф / _kЛюдмила_Стоянова |
||
| 999 | _d191917 | ||